00626nam a2200205 a 450000100060000000300090000600800410001502000180005604000280007404100080010208200170011010000240012724500760015125000110022726000410023830000230027965000260030265000550032865000370038326458CO-ViMGA141112s2004 ck r 000 u spa d a9789584465108 aCO-ViMGAbspacCO-ViMGA aSPA04a306.489 G71a1 aGranda Paz, Osvaldo10aAspectos de cultura popular en el sur colombiano / cOsvaldo Granda Paz a2a ed. aBarranquilla : bTravesías, c2014 a150 p. : fot. byn.14aARTESANIAS - COLOMBIA14aCULTURA POPULAR - COLOMBIA (REGION SUROCCIDENTAL) 14aFESTIVALES POPULARES - COLOMBIA